000 00247nam a2200097Ia 4500
008 240331s9999 xx 000 0 und d
082 _bKAS
100 _aKasarinlan
245 0 _aKasarinlan :
_ba Philippine quarterly of third world studies
942 _cL
999 _c5590
_d5590